| 000 | 01114njm a22002657a 4500 | ||
|---|---|---|---|
| 005 | 20100906101356.0 | ||
| 007 | sd ammalaaahaa | ||
| 008 | 100901t xxu||||| |||| 00| 0 hin d | ||
| 028 |
_aN.53205 _bHis Master's Voice |
||
| 028 |
_aOJE.7872 _bHis Master's Voice |
||
| 035 | _aGR-00725 | ||
| 040 | _aSED/VEN | ||
| 100 |
_917815 _aMangeshker, Lata |
||
| 245 |
_a Mughal-e-azam / _cby Lata Mangeshker [and] Shamshad Begam : music by Naushad _h[sound recording] : _bHindustani |
||
| 246 | _a मुग़ल ऐ आज़म (लता मंगेशकर) | ||
| 260 |
_aDum Dum, India _bHis Master's Voice _cn.d. |
||
| 300 |
_a1 sound disc : _banalog, 33 1/3 rpm _c10 in. |
||
| 500 | G | _aBrief record | |
| 505 | _aTeri mehfil mein kismat aazmaa kar part 1 & 2 (तेरी महफ़िल में किस्मत आजमा कर) पार्ट १ & २ | ||
| 650 |
_aClassical music _xExcerpts _zIndia _917813 |
||
| 700 |
_918219 _aShamshad Begam |
||
| 700 | _918220 | ||
| 942 |
_2ddc _cGR |
||
| 999 |
_c43865 _d43865 |
||